| 000 | 01215cam a2200325 a 4500 | ||
|---|---|---|---|
| 020 | _a0233975152 : | ||
| 082 | 0 | 0 |
_a940.2 _bFAL |
| 100 | 1 |
_aEddy, Paul, _946228 |
|
| 245 | 0 | 4 |
_aThe Falklands War / _cwritten and edited by Paul Eddy and Magnus Linklater, with Peter Gillman, with the Sunday Times Insight Team. |
| 260 |
_aLondon : _bAndre Deutsch, _c1982. |
||
| 300 |
_a274 p., [16] p. of plates : _bill. ; _c23 cm. |
||
| 500 | _aIncludes index. | ||
| 526 |
_a0 _b0 _c0 _d940_200000000000000_FAL |
||
| 526 |
_a0 _b0 _c0 _d940_200000000000000_FAL |
||
| 526 |
_a0 _b0 _c0 _d940_200000000000000_FAL |
||
| 526 |
_a0 _b0 _c0 _d940_200000000000000_FAL |
||
| 526 |
_a0 _b0 _c0 _d940_200000000000000_FAL |
||
| 526 |
_a0 _b0 _c0 _d940_200000000000000_FAL |
||
| 526 |
_a0 _b0 _c0 _d940_200000000000000_FAL |
||
| 526 |
_a0 _b0 _c0 _d940_200000000000000_FAL |
||
| 526 |
_a0 _b0 _c0 _d940_200000000000000_FAL |
||
| 526 |
_a0 _b0 _c0 _d940_200000000000000_FAL |
||
| 526 |
_a0 _b0 _c0 _d940_200000000000000_FAL |
||
| 650 | 0 |
_aFalkland Islands War, 1982. _948946 |
|
| 650 | 0 |
_aMCE _9379 |
|
| 700 | 1 |
_aGillman, Peter. _948947 |
|
| 700 | 1 |
_aLinklater, Magnus. _948948 |
|
| 710 | 2 |
_aSunday Times of London Insight Team. _948949 |
|
| 942 |
_2ddc _cBK |
||
| 999 |
_c551800 _d551800 |
||